书目信息 |
| 题名: |
核桃主要害虫原色图鉴及绿色防控
|
|
| 作者: | 杨斌 , 张新民 , 赵宁 , 泽桑梓 著 | |
| 分册: | ||
| 出版信息: | 北京 科学出版社 2020.04 |
|
| 页数: | 10, 176页 | |
| 开本: | 24cm | |
| 丛书名: | ||
| 单 册: | ||
| 中图分类: | S436.64 | |
| 科图分类: | ||
| 主题词: | 核桃--he tao--病虫害防治 | |
| 电子资源: | ||
| ISBN: | 978-7-03-061838-2 | |
| 000 | 01387nam0 2200301 450 | |
| 001 | 0106081912 | |
| 005 | 20201106082047.0 | |
| 010 | @a978-7-03-061838-2@dCNY88.00 | |
| 100 | @a20200713d2020 em y0chiy50 ea | |
| 101 | 0 | @achi |
| 102 | @aCN@b110000 | |
| 105 | @aa az 000yy | |
| 106 | @ar | |
| 200 | 1 | @a核桃主要害虫原色图鉴及绿色防控@Ahe tao zhu yao hai chong yuan se tu jian ji lu se fang kong@f杨斌等著 |
| 210 | @a北京@c科学出版社@d2020.04 | |
| 215 | @a10, 176页@c照片@d24cm | |
| 300 | @a云南省林业科技创新项目“云南核桃主要病虫害种类及危害评价”、云南省林业科技创新项目“云南核桃枝干害虫发生规律与控制技术研究” | |
| 304 | @a题名页其他责任者:张新民, 赵宁, 泽桑梓等 | |
| 320 | @a有书目(第175-176页) | |
| 330 | @a本书书共分三个部分:第一部分主要从形态分类学特征入手,对采集到的核桃林有害昆虫进行分类鉴定,鉴定出核桃害虫93种,隶属3目27科80属,并配以有害生物形态、危害特征图,阐述有害昆虫的主要鉴别特征、分布、寄主、发生危害规律;第二部分介绍在核桃林中采集到的天敌昆虫17种,隶属于2科13属,每一种昆虫均有对应的彩色图版;第三部分从核桃害虫的危害特征入手,对核桃害虫的绿色防控技术进行阐述。 | |
| 606 | 0 | @a核桃@Ahe tao@x病虫害防治 |
| 690 | @aS436.64@v5 | |
| 701 | 0 | @a杨斌@Ayang bin@4著 |
| 701 | 0 | @a张新民@Azhang xin min@4著 |
| 701 | 0 | @a赵宁@Azhao ning@4著 |
| 701 | 0 | @a泽桑梓@Aze sang zi@4著 |
| 801 | 0 | @aCN@bBJSZM@c20201106 |
| 905 | @b1194344-7@dS436.64@e201@f4 | |
| 核桃主要害虫原色图鉴及绿色防控/杨斌等著.-北京:科学出版社,2020.04 |
| 10, 176页:照片;24cm |
| 云南省林业科技创新项目“云南核桃主要病虫害种类及危害评价”、云南省林业科技创新项目“云南核桃枝干害虫发生规律与控制技术研究” |
| ISBN 978-7-03-061838-2:CNY88.00 |
| 本书书共分三个部分:第一部分主要从形态分类学特征入手,对采集到的核桃林有害昆虫进行分类鉴定,鉴定出核桃害虫93种,隶属3目27科80属,并配以有害生物形态、危害特征图,阐述有害昆虫的主要鉴别特征、分布、寄主、发生危害规律;第二部分介绍在核桃林中采集到的天敌昆虫17种,隶属于2科13属,每一种昆虫均有对应的彩色图版;第三部分从核桃害虫的危害特征入手,对核桃害虫的绿色防控技术进行阐述。 |
| ● |
| 相关链接 |
|
|
|
|
正题名:核桃主要害虫原色图鉴及绿色防控
索取号:S436.64/201
 
预约/预借
| 序号 | 登录号 | 条形码 | 馆藏地/架位号 | 状态 | 备注 |
| 1 | 1194344 | 211943441 | 第二样本阅览室/ [索取号:S436.64/201] | 在馆 | |
| 2 | 1194345 | 211943450 | 第三借阅区/ [索取号:S436.64/201] | 在馆 | |
| 3 | 1194346 | 211943469 | 第三借阅区/ [索取号:S436.64/201] | 在馆 | |
| 4 | 1194347 | 211943478 | 第三借阅区/ [索取号:S436.64/201] | 在馆 |